| 000 | 00572nam a2200217Ia 4500 | ||
|---|---|---|---|
| 008 | 241004s9999 xx 000 0 und d | ||
| 020 | _a9781071855362 | ||
| 037 | _aTextbook | ||
| 040 |
_aARTS _beng _cARTS |
||
| 041 |
_aeng _2eng |
||
| 084 |
_aS:43 R2 _qARTS |
||
| 100 |
_aSousa David A. Au. _9724653 |
||
| 245 |
_aHow the brain learns _cSousa David A. Au. |
||
| 250 | _a6th | ||
| 260 |
_aUSA _bCalifornia Corwin _c2022 |
||
| 300 | _axv,318p. | ||
| 365 |
_aUSD _b44.95 |
||
| 650 | _aPsychology | ||
| 942 |
_cTB _hS:43 R2 |
||
| 999 |
_c1218801 _d1218801 |
||